LIBRARY & INFORMATION CENTRE, KCAET, TAVANUR

ONLINE PUBLIC ACCESS CATALOGUE (OPAC)

Cytotoxic, Mutagenic and carcinogenic potential of heavy metals related to human environment vol-26 / (Record no. 10146)

MARC details
000 -LEADER
fixed length control field 00498cam a2200157ua 4500
020 ## - INTERNATIONAL STANDARD BOOK NUMBER
ISBN 0 7923 4432 4
041 ## - LANGUAGE CODE
Language code of text/sound track or separate title eng
082 ## - DEWEY DECIMAL CLASSIFICATION NUMBER
Classification number 628.16836
Item number HAD/CY
100 ## - MAIN ENTRY--AUTHOR NAME
Personal name Hadjiliadias, Nick D .
245 ## - TITLE STATEMENT
Title Cytotoxic, Mutagenic and carcinogenic potential of heavy metals related to human environment vol-26 /
260 ## - PUBLICATION, DISTRIBUTION, ETC. (IMPRINT)
Place of publication London :
Name of publisher Kluwer Academic Publishers ,
Year of publication 1996.
300 ## - PHYSICAL DESCRIPTION
Number of Pages 629 ; .
942 ## - ADDED ENTRY ELEMENTS (KOHA)
Koha item type Books
Holdings
Withdrawn status Lost status Damaged status Home library Current library Date acquired Full call number Accession Number Koha item type
      KAUAET KAUAET 07/04/2012 628.16836 19907 Books
free website counter